=LDR 00000nam 2200000 4500 =001 INLIS000000000015970 =005 20130612111239 =008 ***********************************Ind** =035 ##$$0010-061300000015970 =041 ##$$a Ind =082 ##$$a 160 =090 ##$$a 160, Suh k =100 ##$$a Suharto, Heru =245 ##$$a Kesesatan-kesesatan dalam penalaran, Drs. Heru Suharto S.Fi =260 ##$$a 1994 $b Jakarta =300 ##$$a XII-84 hlm., 21 cm =650 ##$$a Logika =850 ##$$a NBPNMAT